| 000 -LEADER |
| fixed length control field |
01339nam a22001577a 4500 |
| 008 - FIXED-LENGTH DATA ELEMENTS--GENERAL INFORMATION |
| fixed length control field |
210310b ||||| |||| 00| 0 eng d |
| 100 ## - MAIN ENTRY--PERSONAL NAME |
| Personal name |
Sinha, Adweetiya |
| 245 ## - TITLE STATEMENT |
| Title |
Indian judiciary: A hornets’ nest |
| 260 ## - PUBLICATION, DISTRIBUTION, ETC. (IMPRINT) |
| Place of publication, distribution, etc |
Bihar Journal of Public Administration |
| 300 ## - PHYSICAL DESCRIPTION |
| Extent |
17(1), Jan-June, 2020: p.144-153 |
| 520 ## - SUMMARY, ETC. |
| Summary, etc |
There are multiple problems in the three tier hierarchy of India’s judicial system. The issues with other two organs of the government are highlighted and deliberated upon on public forums but the problems of Indian Judicial System are relegated to the background. The problem of judicial pendency in India is something we must reckon. Two issues of the Economic Survey have simultaneously focused on judicial pendency at length. The problem of judicial pendency is linked with judicial vacancies and several other problems like poor infrastructure, red-tapism etc. Apart from them judicial secrecy is also a matter of concern. India’s ranking in the Rule of Law Index is continuously deteriorating. We must acknowledge all the problems before trying to find their plausible solutions. – Reproduced |
| 650 ## - SUBJECT ADDED ENTRY--TOPICAL TERM |
| Topical term or geographic name as entry element |
Pendency of cases, Persisting-vacancy, Red Tapism, appointment, Rule of law |
| 9 (RLIN) |
23208 |
| 773 ## - HOST ITEM ENTRY |
| Main entry heading |
Bihar Journal of Public Administration |
| 906 ## - LOCAL DATA ELEMENT F, LDF (RLIN) |
| Subject DIP |
JUDICIARY - INDIA |
| 942 ## - ADDED ENTRY ELEMENTS (KOHA) |
| Item type |
Articles |